00612nam a2200217 u 45000010006000000050017000060080041000230350010000640350021000740400013000950410008001080820008001161000031001242450100001552500010002552600036002653000018003016500031003196500024003506500020003742876020260504074700.0960313s1972 spa  a28760 a(OCoLC)778071093 ccomduadb aspa 4a58110aRichter, Gerhard4auteaut10aFisiologia del metabolismo de las plantas una introduccion a la fisiologia y bioquimica del ... a01.ED aMéxico :bR. T. A. C.,c1972. a417 páginas 7aFisiología vegetal2lemb aMetabolismo vegetal aQuimica vegetal